Os Ditadores (Record no. 46288)

MARC details
000 -Etiqueta do registo
Valores 00942nam a2200301 4500
010 ## - Número ISBN
ISBN 9722514407
021 ## - Número do Depósito Legal
Número 230915/05
100 ## - Dados gerais de processamento
Dados gerais 20061212d2005 m y0pory5003 ba
101 1# - Língua de publicação
Língua por
102 ## - País de publicação
País PT
200 1# - Titulo e menção de responsabilidade
Título próprio Os Ditadores
Informação de outro título a Alemanha de Hitler e a Rússia de Estaline
Primeira menção de responsabilidade Richard Overy
Outras menções de responsabilidade trad. Victor Antunes
-- rev. Lídia Freitas, Maria do Mar Liz
205 ## - Menção da edição
Edição [1.ª ed.]
210 #9 - Publicação
Local de publicação Lisboa
Nome do editor Bertrand,
Data de publicação 2005
215 ## - Descrição física 
Paginação / Volumes 877 p.
Outras indicações físicas il.
Dimensões 24 cm
304 ## - Nota relativa ao título
Texto de nota Tít. orig.: The dictators : Hitler's Germany and Stalin's Russia
600 #1 - Nome de pessoa usado como assunto
Apelido Hitler,
Nome Adolf,
Datas 1889-1945
600 #1 - Nome de pessoa usado como assunto
Apelido Estaline,
Elementos de identificação pseud.
675 ## - CDU
Notação 321.6
675 ## - CDU
Notação 32Hitler, Adolf
Edição BN
Língua por
675 ## - CDU
Notação 32Estaline
Edição BN
Língua por
700 #1 - Autor principal
Apelido Overy,
Nome Richard,
Datas 1947-
702 #1 - Autor secundário
Apelido Antunes,
Nome Vítor Hugo
Função 730
702 #1 - Autor secundário
Apelido Freitas,
Nome Lídia,
Datas 1965-
Função 675
702 #1 - Autor secundário
Apelido Liz,
Nome Maria do Mar
Função 675
801 #0 - Fonte de origem
País PT
Agência BN
Regras de catalogação RPC
990 ## - Elementos KOHA
Tipo de documento Livro
Holdings
Aquisição Empréstimo Código de barras Cota Permissão de empréstimo Tipo de documento Nota relativa ao exemplar
Biblioteca Municipal de Redondo Biblioteca Municipal de Redondo 057402 321.6 OVE   Livro oferta de Franklim Amaro Cabreirinha

Powered by Koha